Cell biology genetics and biotechnology / (Record no. 82214)
[ view plain ]
| 000 -LEADER | |
|---|---|
| fixed length control field | 00600nam a22001937a 4500 |
| 005 - DATE AND TIME OF LATEST TRANSACTION | |
| control field | 20140411124502.0 |
| 010 ## - LCCN (DPL NO) | |
| LC control number | ENG-109193 |
| 020 ## - INTERNATIONAL STANDARD BOOK NUMBER | |
| Terms of availability | 190.00 |
| International Standard Book Number | 9789382459064 |
| 035 ## - SYSTEM CONTROL NUMBER | |
| System control number | EN-92726 |
| 037 ## - SOURCE OF ACQUISITION | |
| Source of stock number/acquisition | DBAD/PUB |
| 082 ## - DEWEY DECIMAL CLASSIFICATION NUMBER | |
| Classification number | 574.87 |
| 100 ## - MAIN ENTRY--PERSONAL NAME | |
| Personal name | Arumugam, N. |
| 245 ## - TITLE STATEMENT | |
| Title | Cell biology genetics and biotechnology / |
| Statement of responsibility, etc | by N. Arumugam |
| 250 ## - EDITION STATEMENT | |
| Edition statement | 2nd ed |
| 260 ## - PUBLICATION, DISTRIBUTION, ETC. (IMPRINT) | |
| Name of publisher, distributor, etc | Saras Publication |
| Date of publication, distribution, etc | 2013 |
| Place of publication, distribution, etc | Nagercoil |
| 270 ## - ADDRESS | |
| City | Nagercoil |
| Postal code | 629002 |
| Address | 114/35G, A. R. P. Camp Road, Periavilai, Kottar P. O., |
| 300 ## - PHYSICAL DESCRIPTION | |
| Extent | xii,384p. : |
| Dimensions | 24cm(pbk) |
| Other physical details | ill. |
| 942 ## - ADDED ENTRY ELEMENTS (KOHA) | |
| Source of classification or shelving scheme | Dewey Decimal Classification |
| Item type | English Books |
| Call number suffix | ARU |
| Classification part | 574.87 |
| Withdrawn status | Lost status | Not for loan | Collection code | Home library | Current library | Date acquired | Source of acquisition | Cost, normal purchase price | Full call number | Barcode | Copy number | Cost, replacement price | Koha item type |
|---|---|---|---|---|---|---|---|---|---|---|---|---|---|
| Not For Loan | Non-fiction | D.B.Act.Division | D.B.Act.Division | 29/01/2014 | DBAD/PUB | 190.00 | 574.87 ARU | EN-92726 | 1 | 190.00 | English Books |
